<?xml version="1.0" encoding="UTF-8"?>
<record
    xmlns:xsi="http://www.w3.org/2001/XMLSchema-instance"
    xsi:schemaLocation="http://www.loc.gov/MARC21/slim http://www.loc.gov/standards/marcxml/schema/MARC21slim.xsd"
    xmlns="http://www.loc.gov/MARC21/slim">

  <leader>03907cam a2200313   4500500</leader>
  <controlfield tag="005">20260426011931.0</controlfield>
  <datafield tag="041" ind1=" " ind2=" ">
    <subfield code="a">fre</subfield>
  </datafield>
  <datafield tag="042" ind1=" " ind2=" ">
    <subfield code="a">dc</subfield>
  </datafield>
  <datafield tag="100" ind1="1" ind2="0">
    <subfield code="a">Chadillon-Farinacci, V&#xE9;ronique</subfield>
    <subfield code="e">author</subfield>
  </datafield>
  <datafield tag="700" ind1="1" ind2="0">
    <subfield code="a">Fabien Ekue, Niangoran</subfield>
    <subfield code="e">author</subfield>
  </datafield>
  <datafield tag="700" ind1="1" ind2="0">
    <subfield code="a">C&#xF4;t&#xE9;, Ellie</subfield>
    <subfield code="e">author</subfield>
  </datafield>
  <datafield tag="245" ind1="0" ind2="0">
    <subfield code="a">Les conflits de territoire de p&#xEA;che de homard des Maritimes du Canada&#xA0;: une approche par la th&#xE9;orie des jeux</subfield>
  </datafield>
  <datafield tag="260" ind1=" " ind2=" ">
    <subfield code="c">2026.
							</subfield>
  </datafield>
  <datafield tag="500" ind1=" " ind2=" ">
    <subfield code="a">78</subfield>
  </datafield>
  <datafield tag="520" ind1=" " ind2=" ">
    <subfield code="a">Cette &#xE9;tude explore les conflits de territoire de p&#xEA;che au homard dans les provinces maritimes du Canada sous le prisme des r&#xE8;gles formelles et informelles de l&#x2019;usage des zones de capture. Nous mobilisons la th&#xE9;orie des jeux pour analyser ces conflits territoriaux &#xE0; partir de d&#xE9;cisions judiciaires et d&#x2019;articles m&#xE9;diatiques publi&#xE9;s sur pr&#xE8;s de 20&#xA0;ans (n=103). Ces cas illustrent le positionnement de deux p&#xEA;cheurs dans un jeu non coop&#xE9;ratif. L&#x2019;identification des &#xE9;quilibres de Pareto et de Nash &#xE9;claire les interactions strat&#xE9;giques actives, passives ou impliquant un tiers. Les r&#xE9;sultats soulignent l&#x2019;importance du r&#xF4;le du r&#xE9;gulateur dans la gestion des conflits de territoires&#xA0;; les p&#xEA;cheurs qui n&#x2019;adh&#xE8;rent pas aux r&#xE8;gles informelles se trouvent en situation de vuln&#xE9;rabilit&#xE9;. Cette recherche propose des pistes pour des politiques favorisant la cohabitation dans les zones de p&#xEA;che au homard.</subfield>
  </datafield>
  <datafield tag="520" ind1=" " ind2=" ">
    <subfield code="a">This study explores lobster fishing territory conflicts in the maritime provinces of Canada related to formal and informal rules governing access to harvesting areas. Game theory is used to analyze these territorial conflicts. The methodology is based on court decisions and media articles published over a period of almost 20 years (n=103), allowing us to represent the positioning of fishermen in a non-cooperative two-player game. These strategies have been grouped according to three levels of activity of the fishermen involved in the conflict. Some strategies are active, such as predation and retaliation; others rely on the assistance of a third party, whether it be the authorities or another third party. These two types of strategy are the most widely documented in the analysis. The third type of strategy is based on inaction. This type of strategy combines tolerance and avoidance. The identification of Pareto and Nash equilibria provides a better understanding of strategic interactions between players. Pareto equilibrium is achieved when both players choose passive strategies. Nash equilibrium is achieved when the first player chooses an active strategy, and the second player involves a third party. The player adhering to informal rules holds a strategic advantage, regardless of the conflict&#x2019;s outcome. Therefore, fishermen who do not adhere to informal rules find themselves in a vulnerable position. The results highlight the importance of the regulator&#x2019;s role in managing lobster fishing territory conflicts. The involvement of a third party can either mitigate losses or exacerbate tensions, depending on its capacity to act and the level of intervention provided. This research offers perspectives for the development of public policies promoting peaceful cohabitation in commercial lobster fishing areas by integrating formal and informal rules to address tensions and preserve community identity.</subfield>
  </datafield>
  <datafield tag="690" ind1=" " ind2=" ">
    <subfield code="a">conflits territoriaux</subfield>
  </datafield>
  <datafield tag="690" ind1=" " ind2=" ">
    <subfield code="a">p&#xEA;ches commerciales du homard</subfield>
  </datafield>
  <datafield tag="690" ind1=" " ind2=" ">
    <subfield code="a">th&#xE9;orie des jeux.</subfield>
  </datafield>
  <datafield tag="690" ind1=" " ind2=" ">
    <subfield code="a">commercial lobster fishing</subfield>
  </datafield>
  <datafield tag="690" ind1=" " ind2=" ">
    <subfield code="a">D63.</subfield>
  </datafield>
  <datafield tag="690" ind1=" " ind2=" ">
    <subfield code="a">D74</subfield>
  </datafield>
  <datafield tag="690" ind1=" " ind2=" ">
    <subfield code="a">game theory.Classification JEL&#xA0;: C72</subfield>
  </datafield>
  <datafield tag="690" ind1=" " ind2=" ">
    <subfield code="a">K42</subfield>
  </datafield>
  <datafield tag="690" ind1=" " ind2=" ">
    <subfield code="a">Q22</subfield>
  </datafield>
  <datafield tag="690" ind1=" " ind2=" ">
    <subfield code="a">territorial conflicts</subfield>
  </datafield>
  <datafield tag="786" ind1="0" ind2=" ">
    <subfield code="n">Revue d&#x2019;&#xC9;conomie R&#xE9;gionale &amp;amp; Urbaine | 262 | 2 | 2026-04-07 | p. 285-303 | 0180-7307</subfield>
  </datafield>
  <datafield tag="856" ind1="4" ind2="1">
    <subfield code="u">https://shs.cairn.info/revue-d-economie-regionale-et-urbaine-2026-2-page-285?lang=fr&amp;redirect-ssocas=7080</subfield>
  </datafield>
  <datafield tag="999" ind1=" " ind2=" ">
    <subfield code="c">2223535</subfield>
    <subfield code="d">2223535</subfield>
  </datafield>
</record>
